Margaret and Margarita / Margarita y Margaret / (Record no. 7765)
[ view plain ]
| 000 -LEADER | |
|---|---|
| fixed length control field | 00938nam a22002777a 4500 |
| 001 - CONTROL NUMBER | |
| control field | 7765 |
| 003 - CONTROL NUMBER IDENTIFIER | |
| control field | FISKH |
| 005 - DATE AND TIME OF LATEST TRANSACTION | |
| control field | 20250805102015.0 |
| 008 - FIXED-LENGTH DATA ELEMENTS--GENERAL INFORMATION | |
| fixed length control field | 250805b cb ||||| |||| 00| 0 eng d |
| 020 ## - INTERNATIONAL STANDARD BOOK NUMBER | |
| International Standard Book Number | 9780590622165 |
| 040 ## - CATALOGING SOURCE | |
| Original cataloging agency | FISKH |
| Language of cataloging | eng |
| Transcribing agency | FISKH |
| Modifying agency | FISKH |
| 050 ## - LIBRARY OF CONGRESS CALL NUMBER | |
| Classification number | PZ73 .R4 |
| 082 ## - DEWEY DECIMAL CLASSIFICATION NUMBER | |
| Classification number | 468 |
| 100 ## - MAIN ENTRY--PERSONAL NAME | |
| Personal name | Reiser, Lynn |
| 245 ## - TITLE STATEMENT | |
| Title | Margaret and Margarita / Margarita y Margaret / |
| Statement of responsibility, etc. | By Lynn Reiser |
| 260 ## - PUBLICATION, DISTRIBUTION, ETC. | |
| Place of publication, distribution, etc. | New York : |
| Name of publisher, distributor, etc. | Scholastic , |
| Date of publication, distribution, etc. | 1993. |
| 300 ## - PHYSICAL DESCRIPTION | |
| Extent | 32 pages : |
| Other physical details | color illustrations ; |
| Dimensions | 22 X 23 cm . |
| 505 ## - FORMATTED CONTENTS NOTE | |
| Formatted contents note | P <br/> |
| 520 ## - SUMMARY, ETC. | |
| Summary, etc. | Margaret, who speaks only English, and Margarita, who speaks only Spanish, meet in the park and have fun playing together even though they have different languages. |
| 521 8# - TARGET AUDIENCE NOTE | |
| Target audience note | 640 <br/> |
| Source | Lexile <br/> |
| 521 8# - TARGET AUDIENCE NOTE | |
| Target audience note | P <br/> |
| Source | Raz-Plus <br/> |
| 650 ## - SUBJECT ADDED ENTRY--TOPICAL TERM | |
| Topical term or geographic name entry element | Bilingual Spanish |
| Form subdivision | Juvenile Literature |
| 650 ## - SUBJECT ADDED ENTRY--TOPICAL TERM | |
| Topical term or geographic name entry element | Friendship |
| Form subdivision | Juvenile Literature |
| 942 ## - ADDED ENTRY ELEMENTS (KOHA) | |
| Source of classification or shelving scheme | Dewey Decimal Classification |
| Koha item type | Books |
| Suppress in OPAC | No |
| Withdrawn status | Lost status | Source of classification or shelving scheme | Damaged status | Not for loan | Collection | Home library | Current library | Shelving location | Date acquired | Total Checkouts | Full call number | Barcode | Date last seen | Copy number | Price effective from | Koha item type |
|---|---|---|---|---|---|---|---|---|---|---|---|---|---|---|---|---|
| Dewey Decimal Classification | Juvenile Fiction | Footprints International School Library Network Toul Tom Poung Campus | Footprints International School Library Network Toul Tom Poung Campus | TTP Primary Yellow Bookshelves | 08/05/2025 | REI 468 PZ73 .R4 | FISTK02486 | 08/05/2025 | 1 | 08/05/2025 | Books | |||||
| Dewey Decimal Classification | Juvenile Fiction | Footprints International School Library Network Toul Tom Poung Campus | Footprints International School Library Network Toul Tom Poung Campus | TTP Primary Yellow Bookshelves | 09/09/2025 | REI 468 PZ73 .R4 | FIS01618 | 09/09/2025 | 2 | 09/09/2025 | Books |
